Влияние жидкости на изменение коэффициента крепости горных пород; Проблемы геологии и освоения недр; Т. 2

Podrobná bibliografie
Parent link:Проблемы геологии и освоения недр: труды X Международного симпозиума имени академика М. А. Усова студентов и молодых ученых, посвященного 100-летию первого выпуска сибирских инженеров и 110-летию основания ТПУ; г. Томск, 3-8 апреля 2006 г./ Томский политехнический университет (ТПУ); Институт геологии и нефтегазового дела; под ред. В. А. Домаренко.— , 2007
Т. 2.— 2007.— С. 134-136
Hlavní autor: Лемешов С. А.
Další autoři: Широков А. Ю. (научный руководитель), Евсеев В. Д. Виктор Дмитриевич
Jazyk:ruština
Vydáno: 2007
Témata:
Médium: MixedMaterials Kapitola
KOHA link:https://koha.lib.tpu.ru/cgi-bin/koha/opac-detail.pl?biblionumber=127215

MARC

LEADER 00000naa2a2200000 4500
001 127215
005 20231031132133.0
035 |a (RuTPU)RU\TPU\book\137603 
090 |a 127215 
100 |a 20071211d2007 k y0rusy50 ca 
101 0 |a rus 
102 |a RU 
200 1 |a Влияние жидкости на изменение коэффициента крепости горных пород  |f С. А. Лемешов, А. Ю. Широков  |g науч. рук. В. Д. Евсеев 
461 1 |0 (RuTPU)RU\TPU\book\132777  |t Проблемы геологии и освоения недр  |o труды X Международного симпозиума имени академика М. А. Усова студентов и молодых ученых, посвященного 100-летию первого выпуска сибирских инженеров и 110-летию основания ТПУ; г. Томск, 3-8 апреля 2006 г.  |f Томский политехнический университет (ТПУ); Институт геологии и нефтегазового дела; под ред. В. А. Домаренко  |d 2007 
463 1 |0 (RuTPU)RU\TPU\book\132380  |t Т. 2  |v С. 134-136  |d 2007  |p 222 с. 
610 1 |a горные породы 
610 1 |a коэффициент крепости 
610 1 |a жидкости 
610 1 |a воды 
610 1 |a разрушение 
610 1 |a труды учёных ТПУ 
700 1 |a Лемешов  |b С. А. 
701 1 |a Широков  |b А. Ю. 
702 1 |a Евсеев  |b В. Д.  |c горный инженер  |c профессор Томского политехнического университета  |f 1947-  |g Виктор Дмитриевич  |2 stltpush  |4 727 
801 1 |a RU  |b 63413507  |c 20071211  |g PSBO 
801 2 |a RU  |b 63413507  |c 20130321  |g RCR 
942 |c BK